Reglamentación Nacional de Trabajo en la industria harinera y órdenes complementarias. (Record no. 125805)

MARC details
000 -LEADER
campo de control de longitud fija 00649nam a2200193 i 4500
001 - NÚMERO DE CONTROL
campo de control 125805
003 - IDENTIFICADOR DE NÚMERO DE CONTROL
campo de control ES-MaACL
005 - FECHA Y HORA DE LA ÚLTIMA TRANSACCIÓN
campo de control 20250811072552.0
007 - CAMPO FIJO DE DESCRIPCIÓN FÍSICA--INFORMACIÓN GENERAL
campo de control de longitud fija t|
008 - DATOS DE LONGITUD FIJA--INFORMACIÓN GENERAL
campo de control de longitud fija 070214s1954 sp r ||||1| spa d
080 ## - NÚMERO DE LA CLASIFICACIÓN DECIMAL UNIVERSAL
Número de la Clasificación Decimal Universal 1839-F-8
110 1# - ENTRADA PRINCIPAL--NOMBRE DE ENTIDAD CORPORATIVA
Nombre de entidad corporativa o nombre de jurisdicción como elemento de entrada España.
Unidad subordinada Ministerio de Trabajo
9 (RLIN) 3924
245 10 - MENCIÓN DEL TÍTULO
Título Reglamentación Nacional de Trabajo en la industria harinera y órdenes complementarias.
260 ## - PUBLICACIÓN, DISTRIBUCIÓN, ETC.
Lugar de publicación, distribución, etc. Lérida :
Nombre del editor, distribuidor, etc. [s. n.],
Fecha de publicación, distribución, etc. 1954 (
Fabricante Imp. Sol)
300 ## - DESCRIPCIÓN FÍSICA
Extensión 48 p. ;
Dimensiones 24 cm.
650 #4 - PUNTO DE ACCESO ADICIONAL DE MATERIA--TÉRMINO DE MATERIA
Término de materia o nombre geográfico como elemento de entrada Trabajadores de la industria harinera-
Subdivisión general Estatuto jurídico-
Subdivisión geográfica España.
9 (RLIN) 163841
852 ## - LOCALIZACIÓN
Ubicación ES-MaACL
Número de control de estantería 1839-F-8
Sublocalización o colección R.36256
Holdings
Estatus retirado Estado de pérdida Estado de daño No para préstamo Colección Biblioteca de origen Biblioteca actual Ubicación en estantería Fecha de adquisición Fuente de adquisición Total de préstamos Signatura topográfica completa Código de barras Visto por última vez Precio de reemplazo Tipo de ítem Koha
        Colección de folletos Biblioteca del Ateneo de Madrid Biblioteca del Ateneo de Madrid Depósito folletos 17/01/2008     1839-F-8 1131049 23/02/2023 23/02/2023 Folleto